000 00752nam a2200205Ii 4500
003 JO-AjNU
008 230605s9999||||xx |||||||||||||| ||und||
017 _a799
040 _aJO-AjNU
_bara
_erda
_cJO-AjNU
041 _aara
050 1 4 _aTA330.A226 1989
100 3 _aابراهيم، عبدالمطلب/ م مشارك احمد عزت ,
_eauthor
_917039
245 0 0 _aرياضيات متقدمة للدراسات الهندسية، ج2
264 3 1 _aالجامعة التكنولوجية : وزارة التربية والتعليم، 1989
300 _aج2، 230ص
336 _atext
_btxt
_2rdacontent
337 _aunmediated
_bn
_2rdamedia
338 _avolume
_bnc
_2rdacarrier
650 4 _aالرياضيات-دراسات هندسية
_917040
999 _aA5180
_c8748
_d8748